|
|
|
|
| LEADER |
01387nam a2200397 a 4500 |
| 001 |
nkc20112219542 |
| 003 |
CZ PrNK |
| 005 |
20120925073521.0 |
| 007 |
ta |
| 008 |
110803s2011 xr a e p 000 0 cze |
| 015 |
|
|
|a cnb002219542
|
| 020 |
|
|
|a 978-80-253-1282-7
|q (brož.)
|
| 035 |
|
|
|a (OCoLC)752798533
|
| 040 |
|
|
|a OLA001
|b cze
|d ABA001
|
| 041 |
0 |
|
|a cze
|a eng
|
| 072 |
|
7 |
|a 811.111
|x Angličtina
|2 Konspekt
|9 11
|
| 072 |
|
7 |
|a 37.016
|x Učební osnovy. Vyučovací předměty. Učebnice
|2 Konspekt
|9 22
|
| 080 |
|
|
|a 811.111
|2 MRF
|
| 080 |
|
|
|a (075)
|2 MRF
|
| 100 |
1 |
|
|a Dostálová, Iva,
|d 1964-
|7 mzk2005300601
|4 aut
|
| 245 |
1 |
0 |
|a Angličtina pro samouky /
|c Iva Dostálová, Šárka Zelenková, James Branam
|
| 246 |
1 |
|
|i Název v tiráži:
|a Angličtina pro samouky + CD s MP3
|
| 250 |
|
|
|a 1. vyd.
|
| 260 |
|
|
|a Praha :
|b Fragment,
|c 2011
|
| 300 |
|
|
|a 239 s. :
|b barev. il. ;
|c 21 cm +
|e 1 CD s MP3
|
| 650 |
0 |
7 |
|a angličtina
|7 ph114056
|2 czenas
|
| 650 |
0 |
9 |
|a English language
|2 eczenas
|
| 655 |
|
7 |
|a učebnice
|7 fd133770
|2 czenas
|
| 655 |
|
9 |
|a textbooks
|2 eczenas
|
| 700 |
1 |
|
|a Zelenková, Šárka,
|d 1975-
|7 mzk2005300602
|4 aut
|
| 700 |
1 |
|
|a Branam, James,
|d 1963-
|7 xx0011102
|4 aut
|
| 910 |
2 |
|
|a BOA001
|b 2-1268.505
|
| 990 |
|
|
|a BK
|
| 995 |
|
|
|a 01
|
| 991 |
|
|
|b 201108
|c NOV
|e n
|
| 996 |
6 |
|
|b 2610485120
|c 2-1268.505
|l MZK
|r Sklad / do 1 hodiny
|n 17
|p p.v.
|w 001195197
|u 000010
|a 1
|e BOA001
|j MZK50
|s P
|